[Event "ODJM B 2024"]
[Site "Willingen GER"]
[Date "2024.05.24"]
[Round "8"]
[White "Rabus, Johann"]
[Black "Hildebrand, Azat"]
[Result "0-1"]
[Termination "normal"]
[Board "54"]
[WhiteElo "1597"]
[BlackElo "1681"]
[WhiteClock "01:18:48"]
[BlackClock "00:01:20"]
[PlyCount "86"]
[WhiteFideId "34602950"]
[BlackFideId "34607536"]
[EventCountry "GER"]
[EventRounds "9"]
[EventType "swiss"]
[EventDate "2024.05.18"]

1. e4 {[%clk 01:30:57]} {[%emt 00:00:02]} c6 {[%clk 01:30:45]} {[%emt
00:00:16]} 2. Nc3 {[%clk 01:31:20]} {[%emt 00:00:07]} d5 {[%clk 01:31:04]}
{[%emt 00:00:11]} 3. Qe2 {[%clk 01:31:43]} {[%emt 00:00:07]} d4 {[%clk
01:21:44]} {[%emt 00:09:50]} 4. Nd1 {[%clk 01:32:06]} {[%emt 00:00:07]} e5
{[%clk 01:21:27]} {[%emt 00:00:47]} 5. g3 {[%clk 01:32:29]} {[%emt 00:00:07]}
Be6 {[%clk 01:17:57]} {[%emt 00:03:59]} 6. Bg2 {[%clk 01:32:49]} {[%emt
00:00:10]} Bd6 {[%clk 01:16:45]} {[%emt 00:01:42]} 7. d3 {[%clk 01:33:01]}
{[%emt 00:00:19]} f6 {[%clk 01:15:57]} {[%emt 00:01:18]} 8. f4 {[%clk
01:33:04]} {[%emt 00:00:27]} Nd7 {[%clk 01:13:16]} {[%emt 00:03:11]} 9. Nf3
{[%clk 01:32:33]} {[%emt 00:01:00]} Ne7 {[%clk 01:12:42]} {[%emt 00:01:05]} 10.
O-O {[%clk 01:32:27]} {[%emt 00:00:35]} O-O {[%clk 01:11:48]} {[%emt 00:01:24]}
11. f5 {[%clk 01:28:44]} {[%emt 00:04:14]} Bf7 {[%clk 01:11:24]} {[%emt
00:00:54]} 12. Kh1 {[%clk 01:26:45]} {[%emt 00:02:29]} b5 {[%clk 01:10:54]}
{[%emt 00:01:00]} 13. g4 {[%clk 01:24:41]} {[%emt 00:02:34]} c5 {[%clk
01:06:05]} {[%emt 00:05:19]} 14. h4 {[%clk 01:24:33]} {[%emt 00:00:38]} c4
{[%clk 01:04:24]} {[%emt 00:02:12]} 15. g5 {[%clk 01:24:43]} {[%emt 00:00:19]}
fxg5 {[%clk 00:59:43]} {[%emt 00:05:10]} 16. hxg5 {[%clk 01:24:17]} {[%emt
00:00:57]} cxd3 {[%clk 00:58:30]} {[%emt 00:01:43]} 17. cxd3 {[%clk 01:24:41]}
{[%emt 00:00:06]} a5 {[%clk 00:56:59]} {[%emt 00:02:02]} 18. f6 {[%clk
01:24:48]} {[%emt 00:00:22]} gxf6 {[%clk 00:54:52]} {[%emt 00:02:37]} 19. gxf6
{[%clk 01:24:33]} {[%emt 00:00:45]} Nxf6 {[%clk 00:54:29]} {[%emt 00:00:53]}
20. Nxd4 {[%clk 01:21:23]} {[%emt 00:03:40]} Nh5 {[%clk 00:25:55]} {[%emt
00:29:04]} 21. Qg4+ {[%clk 01:15:44]} {[%emt 00:06:09]} Kh8 {[%clk 00:24:46]}
{[%emt 00:01:38]} 22. Rxf7 {[%clk 01:15:13]} {[%emt 00:01:01]} Rxf7 {[%clk
00:12:12]} {[%emt 00:13:04]} 23. Qxh5 {[%clk 01:15:21]} {[%emt 00:00:22]} Qe8
{[%clk 00:10:17]} {[%emt 00:02:26]} 24. Nxb5 {[%clk 01:15:00]} {[%emt
00:00:51]} Rf1+ {[%clk 00:09:16]} {[%emt 00:01:30]} 25. Bxf1 {[%clk 01:15:21]}
{[%emt 00:00:09]} Qxh5+ {[%clk 00:09:31]} {[%emt 00:00:15]} 26. Kg1 {[%clk
01:15:43]} {[%emt 00:00:08]} Rg8+ {[%clk 00:07:18]} {[%emt 00:02:43]} 27. Kf2
{[%clk 01:16:06]} {[%emt 00:00:07]} Qh2+ {[%clk 00:05:17]} {[%emt 00:02:31]}
28. Ke1 {[%clk 01:15:52]} {[%emt 00:00:45]} Bb4+ {[%clk 00:03:24]} {[%emt
00:02:23]} 29. Ndc3 {[%clk 01:16:13]} {[%emt 00:00:08]} Rf8 {[%clk 00:01:46]}
{[%emt 00:02:09]} 30. Be2 {[%clk 01:16:15]} {[%emt 00:00:27]} Bxc3+ {[%clk
00:01:41]} {[%emt 00:00:35]} 31. Nxc3 {[%clk 01:16:30]} {[%emt 00:00:16]} Nc6
{[%clk 00:01:19]} {[%emt 00:00:52]} 32. Be3 {[%clk 01:15:34]} {[%emt 00:01:25]}
Qh1+ {[%clk 00:01:06]} {[%emt 00:00:44]} 33. Kd2 {[%clk 01:15:55]} {[%emt
00:00:08]} Qxa1 {[%clk 00:01:16]} {[%emt 00:00:20]} 34. Kc2 {[%clk 01:16:03]}
{[%emt 00:00:23]} Qh1 {[%clk 00:01:06]} {[%emt 00:00:40]} 35. Bc5 {[%clk
01:16:23]} {[%emt 00:00:09]} Nd4+ {[%clk 00:01:15]} {[%emt 00:00:22]} 36. Kd2
{[%clk 01:16:22]} {[%emt 00:00:30]} Rc8 {[%clk 00:00:57]} {[%emt 00:00:48]} 37.
Bd6 {[%clk 01:16:44]} {[%emt 00:00:08]} Nxe2 {[%clk 00:00:59]} {[%emt
00:00:28]} 38. Bxe5+ {[%clk 01:17:06]} {[%emt 00:00:08]} Kg8 {[%clk 00:01:12]}
{[%emt 00:00:18]} 39. Nxe2 {[%clk 01:17:28]} {[%emt 00:00:08]} Qg2 {[%clk
00:00:57]} {[%emt 00:00:45]} 40. d4 {[%clk 01:17:48]} {[%emt 00:00:09]} Rc2+
{[%clk 00:00:49]} {[%emt 00:00:38]} 41. Kxc2 {[%clk 01:18:10]} {[%emt
00:00:09]} Qxe2+ {[%clk 00:01:09]} {[%emt 00:00:09]} 42. Kc3 {[%clk 01:18:25]}
{[%emt 00:00:16]} Qxe4 {[%clk 00:01:13]} {[%emt 00:00:25]} 43. Bc7 {[%clk
01:18:48]} {[%emt 00:00:07]} Qc6+ {[%clk 00:01:20]} {[%emt 00:00:23]} 0-1

[Event "ODJM B 2024"]
[Site "Willingen GER"]
[Date "2024.05.24"]
[Round "8"]
[White "Greiner, Jan Oluf"]
[Black "Will, Elina"]
[Result "0-1"]
[Termination "normal"]
[Board "55"]
[WhiteElo "1634"]
[BlackElo "1640"]
[WhiteClock "00:37:12"]
[BlackClock "01:20:39"]
[PlyCount "52"]
[WhiteFideId "34632069"]
[BlackFideId "34623434"]
[EventCountry "GER"]
[EventRounds "9"]
[EventType "swiss"]
[EventDate "2024.05.18"]

1. Nf3 {[%clk 01:30:57]} {[%emt 00:00:03]} d5 {[%clk 01:30:56]} {[%emt
00:00:04]} 2. d4 {[%clk 01:31:19]} {[%emt 00:00:08]} Bf5 {[%clk 01:31:20]}
{[%emt 00:00:05]} 3. Nc3 {[%clk 01:31:36]} {[%emt 00:00:14]} e6 {[%clk
01:31:32]} {[%emt 00:00:19]} 4. Bf4 {[%clk 01:31:35]} {[%emt 00:00:29]} Bd6
{[%clk 01:31:42]} {[%emt 00:00:20]} 5. Bg3 {[%clk 01:31:29]} {[%emt 00:00:36]}
c6 {[%clk 01:29:17]} {[%emt 00:02:56]} 6. e3 {[%clk 01:31:51]} {[%emt
00:00:09]} Nf6 {[%clk 01:28:30]} {[%emt 00:01:15]} 7. Be2 {[%clk 01:32:07]}
{[%emt 00:00:15]} O-O {[%clk 01:28:12]} {[%emt 00:00:47]} 8. Nh4 {[%clk
01:27:07]} {[%emt 00:05:30]} Bg6 {[%clk 01:27:39]} {[%emt 00:01:04]} 9. Nxg6
{[%clk 01:27:17]} {[%emt 00:00:20]} hxg6 {[%clk 01:28:03]} {[%emt 00:00:07]}
10. a3 {[%clk 01:24:29]} {[%emt 00:03:18]} Bc7 {[%clk 01:24:54]} {[%emt
00:03:37]} 11. Bh4 {[%clk 01:09:13]} {[%emt 00:15:46]} Nbd7 {[%clk 01:25:15]}
{[%emt 00:00:09]} 12. Bg5 {[%clk 01:09:36]} {[%emt 00:00:08]} Bd6 {[%clk
01:24:36]} {[%emt 00:01:09]} 13. h4 {[%clk 01:09:40]} {[%emt 00:00:26]} Be7
{[%clk 01:24:39]} {[%emt 00:00:27]} 14. h5 {[%clk 01:08:01]} {[%emt 00:02:09]}
Nh7 {[%clk 01:24:39]} {[%emt 00:00:29]} 15. Bxe7 {[%clk 01:08:06]} {[%emt
00:00:25]} Qxe7 {[%clk 01:25:03]} {[%emt 00:00:06]} 16. h6 {[%clk 01:08:03]}
{[%emt 00:00:33]} Qg5 {[%clk 01:25:09]} {[%emt 00:00:24]} 17. hxg7 {[%clk
01:08:12]} {[%emt 00:00:22]} Kxg7 {[%clk 01:25:33]} {[%emt 00:00:05]} 18. g3
{[%clk 01:02:32]} {[%emt 00:06:10]} Rh8 {[%clk 01:25:42]} {[%emt 00:00:22]} 19.
Qd2 {[%clk 01:00:34]} {[%emt 00:02:27]} Qf5 {[%clk 01:24:42]} {[%emt 00:01:29]}
20. f4 {[%clk 00:59:56]} {[%emt 00:01:09]} Nhf6 {[%clk 01:24:31]} {[%emt
00:00:41]} 21. O-O-O {[%clk 01:00:07]} {[%emt 00:00:19]} Ne4 {[%clk 01:24:29]}
{[%emt 00:00:32]} 22. Nxe4 {[%clk 00:55:04]} {[%emt 00:05:34]} Qxe4 {[%emt
00:00:55]} 23. Rxh8 {[%clk 00:54:49]} {[%emt 00:00:01]} Rxh8 {[%clk 01:25:13]}
{[%emt 00:00:05]} 24. Rg1 {[%clk 00:46:57]} {[%emt 00:08:20]} Rh2 {[%clk
01:21:32]} {[%emt 00:04:12]} 25. Qd3 {[%clk 00:41:18]} {[%emt 00:06:09]} Rg2
{[%clk 01:20:20]} {[%emt 00:01:42]} 26. Qd1 {[%clk 00:37:12]} {[%emt 00:04:35]}
Qxe3+ {[%clk 01:20:39]} {[%emt 00:00:12]} 0-1

[Event "ODJM B 2024"]
[Site "Willingen GER"]
[Date "2024.05.24"]
[Round "8"]
[White "Tarasenko, Ruslan"]
[Black "Jähnert, Jamie Mares"]
[Result "1-0"]
[Termination "normal"]
[Board "56"]
[WhiteElo "1525"]
[BlackElo "1503"]
[WhiteClock "00:38:00"]
[BlackClock "00:55:02"]
[PlyCount "71"]
[WhiteFideId "34166343"]
[BlackFideId "34609156"]
[EventCountry "GER"]
[EventRounds "9"]
[EventType "swiss"]
[EventDate "2024.05.18"]

1. e4 {[%clk 01:30:55]} {[%emt 00:00:05]} c6 {[%clk 01:30:56]} {[%emt
00:00:05]} 2. d4 {[%clk 01:31:13]} {[%emt 00:00:11]} d5 {[%clk 01:31:19]}
{[%emt 00:00:07]} 3. e5 {[%clk 01:31:37]} {[%emt 00:00:05]} Bf5 {[%clk
01:31:44]} {[%emt 00:00:06]} 4. h4 {[%clk 01:31:57]} {[%emt 00:00:10]} h6
{[%clk 01:31:56]} {[%emt 00:00:19]} 5. Bd3 {[%clk 01:32:22]} {[%emt 00:00:05]}
Bxd3 {[%clk 01:32:20]} {[%emt 00:00:05]} 6. cxd3 {[%clk 01:32:47]} {[%emt
00:00:05]} e6 {[%clk 01:32:41]} {[%emt 00:00:09]} 7. Nc3 {[%clk 01:32:15]}
{[%emt 00:01:02]} Ne7 {[%clk 01:32:33]} {[%emt 00:00:38]} 8. Nge2 {[%clk
01:31:57]} {[%emt 00:00:49]} Nd7 {[%clk 01:31:43]} {[%emt 00:01:19]} 9. h5
{[%clk 01:29:22]} {[%emt 00:03:05]} f6 {[%clk 01:28:52]} {[%emt 00:03:22]} 10.
Nf4 {[%clk 01:28:37]} {[%emt 00:01:15]} fxe5 {[%clk 01:28:27]} {[%emt
00:00:54]} 11. Nxe6 {[%clk 01:29:00]} {[%emt 00:00:07]} Qc8 {[%clk 01:28:07]}
{[%emt 00:00:50]} 12. Qg4 {[%clk 01:18:25]} {[%emt 00:11:06]} Nf6 {[%clk
01:22:02]} {[%emt 00:06:34]} 13. Nxg7+ {[%clk 01:17:19]} {[%emt 00:00:09]} Kf7
{[%clk 01:22:32]} 14. Qxc8 {[%clk 01:17:45]} {[%emt 00:01:32]} Rxc8 {[%clk
01:22:49]} {[%emt 00:00:13]} 15. dxe5 {[%clk 01:17:55]} {[%emt 00:00:19]} Ng4
{[%clk 01:22:14]} {[%emt 00:01:05]} 16. d4 {[%clk 01:17:19]} {[%emt 00:01:07]}
Bxg7 {[%clk 01:22:13]} {[%emt 00:00:30]} 17. f4 {[%clk 01:14:37]} {[%emt
00:03:12]} Nf5 {[%clk 01:21:18]} {[%emt 00:01:25]} 18. Ne2 {[%clk 01:13:34]}
{[%emt 00:01:33]} Rhd8 {[%clk 01:19:32]} {[%emt 00:02:15]} 19. Rh3 {[%clk
01:04:43]} {[%emt 00:09:21]} Ke6 {[%clk 01:14:12]} {[%emt 00:05:51]} 20. Rb3
{[%clk 00:57:53]} {[%emt 00:07:21]} Rd7 {[%clk 01:11:31]} {[%emt 00:03:10]} 21.
Bd2 {[%clk 00:51:21]} {[%emt 00:07:02]} Bf8 {[%clk 01:10:05]} {[%emt 00:01:56]}
22. Rc1 {[%clk 00:46:34]} {[%emt 00:05:16]} c5 {[%clk 01:06:59]} {[%emt
00:03:37]} 23. dxc5 {[%clk 00:46:16]} {[%emt 00:00:48]} Rxc5 {[%clk 01:04:39]}
{[%emt 00:02:50]} 24. Ng3 {[%clk 00:42:39]} {[%emt 00:04:07]} d4 {[%clk
01:01:00]} {[%emt 00:04:09]} 25. Rxc5 {[%clk 00:40:58]} {[%emt 00:02:10]} Bxc5
{[%clk 00:59:11]} {[%emt 00:02:20]} 26. Ne4 {[%clk 00:41:20]} {[%emt 00:00:08]}
Bb6 {[%clk 00:57:38]} {[%emt 00:02:03]} 27. a4 {[%clk 00:40:51]} {[%emt
00:00:59]} Bd8 {[%clk 00:56:16]} {[%emt 00:01:51]} 28. Nc5+ {[%clk 00:40:59]}
{[%emt 00:00:23]} Ke7 {[%clk 00:55:03]} {[%emt 00:01:43]} 29. Nxd7 {[%clk
00:41:21]} {[%emt 00:00:08]} Kxd7 {[%clk 00:54:14]} 30. Rxb7+ Kc6 {[%emt
00:00:43]} 31. Rxa7 {[%clk 00:40:26]} {[%emt 00:01:38]} Bb6 {[%clk 00:54:40]}
{[%emt 00:00:05]} 32. Rf7 {[%clk 00:40:31]} {[%emt 00:00:25]} Nfe3 {[%clk
00:54:48]} {[%emt 00:00:22]} 33. Bxe3 {[%clk 00:40:52]} {[%emt 00:00:08]} Nxe3
{[%clk 00:54:29]} {[%emt 00:00:50]} 34. Ke2 {[%clk 00:39:33]} {[%emt 00:01:49]}
Nxg2 {[%clk 00:54:44]} {[%emt 00:00:15]} 35. Rf6+ {[%clk 00:39:57]} {[%emt
00:00:06]} Kc5 {[%clk 00:55:02]} {[%emt 00:00:12]} 36. b4+ {[%clk 00:38:00]}
{[%emt 00:02:27]} 1-0

[Event "ODJM B 2024"]
[Site "Willingen GER"]
[Date "2024.05.25"]
[Round "9"]
[White "Beckmann, Jonathan"]
[Black "Walter, Richard"]
[Result "1/2-1/2"]
[Termination "normal"]
[Board "1"]
[WhiteElo "1827"]
[BlackElo "1719"]
[WhiteClock "00:14:49"]
[BlackClock "01:14:18"]
[PlyCount "99"]
[WhiteFideId "34672591"]
[BlackFideId "34620028"]
[EventCountry "GER"]
[EventRounds "9"]
[EventType "swiss"]
[EventDate "2024.05.18"]

1. d4 {[%clk 01:30:59]} d5 {[%clk 01:30:56]} {[%emt 00:00:04]} 2. c4 {[%clk
01:31:26]} {[%emt 00:00:04]} e6 {[%clk 01:31:24]} {[%emt 00:00:02]} 3. Nc3
{[%clk 01:31:52]} {[%emt 00:00:04]} Nf6 {[%clk 01:31:50]} {[%emt 00:00:03]} 4.
cxd5 {[%clk 01:32:20]} {[%emt 00:00:02]} exd5 {[%clk 01:32:15]} {[%emt
00:00:06]} 5. Bg5 {[%clk 01:32:47]} {[%emt 00:00:03]} c6 {[%clk 01:32:41]}
{[%emt 00:00:04]} 6. e3 {[%clk 01:33:02]} {[%emt 00:00:15]} Bd6 {[%clk
01:33:05]} {[%emt 00:00:05]} 7. Bd3 {[%clk 01:33:21]} {[%emt 00:00:11]} h6
{[%clk 01:33:14]} {[%emt 00:00:21]} 8. Bh4 {[%clk 01:33:46]} {[%emt 00:00:05]}
O-O {[%clk 01:32:01]} {[%emt 00:01:44]} 9. Nge2 {[%clk 01:31:19]} {[%emt
00:02:56]} Nbd7 {[%clk 01:31:01]} {[%emt 00:01:31]} 10. Bg3 {[%clk 01:25:05]}
{[%emt 00:06:43]} Bxg3 {[%clk 01:28:18]} {[%emt 00:03:13]} 11. Nxg3 {[%clk
01:19:06]} {[%emt 00:06:29]} c5 {[%clk 01:27:01]} {[%emt 00:01:48]} 12. dxc5
{[%clk 01:16:10]} {[%emt 00:03:25]} Nxc5 {[%clk 01:27:25]} {[%emt 00:00:06]}
13. Bc2 {[%clk 01:16:15]} {[%emt 00:00:25]} Bg4 {[%clk 01:27:25]} {[%emt
00:00:30]} 14. Qd2 {[%clk 01:15:54]} {[%emt 00:00:51]} Re8 {[%clk 01:25:39]}
{[%emt 00:02:16]} 15. h3 {[%clk 01:14:21]} {[%emt 00:02:03]} Be6 {[%clk
01:22:35]} {[%emt 00:03:35]} 16. O-O {[%clk 01:13:15]} {[%emt 00:01:36]} Qb6
{[%clk 01:22:13]} {[%emt 00:00:52]} 17. Rfd1 {[%clk 01:11:26]} {[%emt
00:02:18]} Red8 {[%clk 01:20:28]} {[%emt 00:02:16]} 18. Qe2 {[%clk 01:00:20]}
{[%emt 00:11:35]} Kf8 {[%clk 01:13:58]} {[%emt 00:07:00]} 19. Qb5 {[%clk
00:51:12]} {[%emt 00:09:39]} Qxb5 {[%clk 01:12:24]} {[%emt 00:02:03]} 20. Nxb5
{[%clk 00:51:16]} {[%emt 00:00:26]} a6 {[%clk 01:12:47]} {[%emt 00:00:07]} 21.
Nd4 {[%clk 00:50:47]} {[%emt 00:00:58]} g6 {[%clk 01:10:43]} {[%emt 00:02:35]}
22. Rac1 {[%clk 00:47:39]} {[%emt 00:03:38]} Nce4 {[%clk 01:03:07]} {[%emt
00:08:06]} 23. Nxe4 {[%clk 00:38:33]} {[%emt 00:09:36]} dxe4 {[%clk 01:03:28]}
{[%emt 00:00:09]} 24. Nxe6+ {[%clk 00:38:32]} {[%emt 00:00:31]} fxe6 {[%clk
01:03:52]} {[%emt 00:00:06]} 25. Bb3 {[%clk 00:38:06]} {[%emt 00:00:56]} Rxd1+
{[%clk 01:01:40]} 26. Rxd1 {[%clk 00:37:24]} {[%emt 00:03:53]} Ke7 {[%clk
01:01:51]} {[%emt 00:00:20]} 27. Kh2 {[%clk 00:33:15]} {[%emt 00:04:39]} e5
{[%clk 01:01:21]} {[%emt 00:01:01]} 28. Rc1 {[%clk 00:29:54]} {[%emt 00:03:51]}
Rd8 {[%clk 00:57:10]} {[%emt 00:04:40]} 29. Rc7+ {[%clk 00:23:06]} {[%emt
00:07:18]} Rd7 {[%clk 00:57:35]} {[%emt 00:00:05]} 30. Rc5 {[%clk 00:23:20]}
{[%emt 00:00:16]} Kd6 {[%clk 00:57:13]} {[%emt 00:00:51]} 31. Rc8 {[%clk
00:23:11]} {[%emt 00:00:40]} Rg7 {[%clk 00:50:36]} {[%emt 00:07:06]} 32. Kg1
{[%clk 00:19:20]} {[%emt 00:04:21]} Nd7 {[%clk 00:49:57]} {[%emt 00:01:10]} 33.
Bc2 {[%clk 00:16:29]} {[%emt 00:03:21]} Nf6 {[%clk 00:47:36]} {[%emt 00:02:52]}
34. Kf1 {[%clk 00:15:48]} {[%emt 00:01:10]} Rc7 {[%clk 00:47:48]} {[%emt
00:00:19]} 35. Rd8+ {[%clk 00:08:44]} {[%emt 00:07:33]} Ke7 {[%clk 00:46:23]}
{[%emt 00:01:55]} 36. Rd2 {[%clk 00:09:09]} {[%emt 00:00:05]} b5 {[%clk
00:45:36]} {[%emt 00:01:18]} 37. Ke1 {[%clk 00:08:22]} {[%emt 00:01:15]} a5
{[%clk 00:45:40]} {[%emt 00:00:28]} 38. a4 {[%clk 00:05:07]} {[%emt 00:03:44]}
b4 {[%clk 00:45:47]} {[%emt 00:00:23]} 39. Kd1 {[%clk 00:05:05]} {[%emt
00:00:32]} Rd7 {[%clk 00:46:00]} {[%emt 00:00:17]} 40. Bb3 {[%clk 00:00:59]}
{[%emt 00:04:35]} Rxd2+ {[%clk 00:46:14]} 41. Kxd2 {[%clk 00:01:24]} {[%emt
00:00:22]} Nd7 {[%clk 00:46:29]} {[%emt 00:00:16]} 42. Bd5 {[%clk 00:25:02]}
{[%emt 00:06:52]} Nc5 {[%clk 01:16:36]} {[%emt 00:00:23]} 43. Bc6 {[%clk
00:21:52]} {[%emt 00:03:40]} Nd3 {[%clk 01:14:22]} {[%emt 00:02:43]} 44. b3
{[%clk 00:20:41]} {[%emt 00:01:41]} Nxf2 {[%clk 01:13:34]} {[%emt 00:01:18]}
45. Ke2 {[%clk 00:21:05]} {[%emt 00:00:06]} Nd3 {[%clk 01:13:59]} {[%emt
00:00:05]} 46. Bxe4 {[%clk 00:21:10]} {[%emt 00:00:24]} Nc5 {[%clk 01:14:25]}
{[%emt 00:00:05]} 47. Bd5 {[%clk 00:20:33]} {[%emt 00:01:06]} e4 {[%clk
01:13:58]} {[%emt 00:00:58]} 48. Kf2 {[%clk 00:19:57]} {[%emt 00:01:05]} Kd6
{[%clk 01:14:20]} {[%emt 00:00:08]} 49. Bc4 {[%clk 00:18:48]} {[%emt 00:01:40]}
Ke5 {[%clk 01:14:18]} {[%emt 00:00:32]} 50. Ke2 {[%clk 00:14:49]} {[%emt
00:04:29]} 1/2-1/2

[Event "ODJM B 2024"]
[Site "Willingen GER"]
[Date "2024.05.25"]
[Round "9"]
[White "Langer, Paul Georg"]
[Black "Schedel, Loris"]
[Result "1-0"]
[Termination "normal"]
[Board "2"]
[WhiteElo "1882"]
[BlackElo "1819"]
[WhiteClock "00:02:29"]
[BlackClock "00:52:00"]
[PlyCount "63"]
[WhiteFideId "16230051"]
[BlackFideId "16255542"]
[EventCountry "GER"]
[EventRounds "9"]
[EventType "swiss"]
[EventDate "2024.05.18"]

1. d4 {[%clk 01:30:57]} {[%emt 00:00:02]} Nf6 {[%clk 01:30:54]} {[%emt
00:00:07]} 2. Bf4 {[%clk 01:31:12]} {[%emt 00:00:14]} d5 {[%clk 01:31:14]}
{[%emt 00:00:10]} 3. e3 {[%clk 01:31:27]} {[%emt 00:00:16]} c6 {[%clk
01:31:39]} {[%emt 00:00:05]} 4. Bd3 {[%clk 01:30:37]} {[%emt 00:01:20]} g6
{[%clk 01:30:27]} {[%emt 00:01:41]} 5. Nf3 {[%clk 01:26:50]} {[%emt 00:04:17]}
Bg7 {[%clk 01:30:29]} {[%emt 00:00:28]} 6. c4 {[%clk 01:23:38]} {[%emt
00:03:42]} O-O {[%clk 01:28:44]} {[%emt 00:02:16]} 7. h3 {[%clk 01:19:16]}
{[%emt 00:04:52]} Nbd7 {[%clk 01:26:59]} {[%emt 00:02:15]} 8. Nc3 {[%clk
01:16:26]} {[%emt 00:03:20]} Re8 {[%clk 01:25:34]} {[%emt 00:01:54]} 9. Rc1
{[%clk 01:04:04]} {[%emt 00:12:52]} Nb6 {[%clk 01:20:28]} {[%emt 00:05:37]} 10.
c5 {[%clk 00:53:27]} {[%emt 00:11:07]} Nbd7 {[%clk 01:18:37]} {[%emt 00:02:21]}
11. Bh2 {[%clk 00:43:32]} {[%emt 00:10:24]} h6 {[%clk 01:11:27]} {[%emt
00:07:40]} 12. Ne5 {[%clk 00:21:14]} {[%emt 00:22:49]} Nxe5 {[%clk 01:10:47]}
{[%emt 00:01:10]} 13. Bxe5 {[%clk 00:21:35]} {[%emt 00:00:09]} Nd7 {[%clk
01:10:48]} {[%emt 00:00:28]} 14. Bxg7 {[%clk 00:21:49]} {[%emt 00:00:16]} Kxg7
{[%clk 01:11:17]} {[%emt 00:00:01]} 15. f4 {[%clk 00:20:08]} {[%emt 00:02:11]}
b6 {[%clk 01:09:26]} {[%emt 00:02:21]} 16. b4 {[%clk 00:18:38]} {[%emt
00:02:00]} a5 {[%clk 01:06:47]} {[%emt 00:03:10]} 17. b5 {[%clk 00:11:56]}
{[%emt 00:07:12]} Bb7 {[%clk 01:03:37]} {[%emt 00:03:39]} 18. cxb6 {[%clk
00:06:28]} {[%emt 00:05:58]} c5 {[%clk 01:00:43]} {[%emt 00:03:25]} 19. dxc5
{[%clk 00:05:59]} {[%emt 00:00:58]} Nxc5 {[%clk 01:00:44]} {[%emt 00:00:29]}
20. Na4 {[%clk 00:05:14]} {[%emt 00:01:15]} Nxa4 {[%clk 01:00:11]} {[%emt
00:01:04]} 21. Qxa4 {[%clk 00:05:38]} {[%emt 00:00:06]} Qxb6 {[%clk 00:58:24]}
{[%emt 00:02:17]} 22. Qd4+ {[%clk 00:05:48]} {[%emt 00:00:19]} Qxd4 {[%clk
00:58:52]} {[%emt 00:00:02]} 23. exd4 {[%clk 00:06:10]} {[%emt 00:00:08]} Rec8
{[%clk 00:58:30]} {[%emt 00:00:52]} 24. Kd2 {[%clk 00:05:43]} {[%emt 00:00:57]}
Kf6 {[%clk 00:57:29]} {[%emt 00:01:31]} 25. a4 {[%clk 00:05:19]} {[%emt
00:00:54]} Ke6 {[%clk 00:57:03]} {[%emt 00:00:57]} 26. f5+ {[%clk 00:04:46]}
{[%emt 00:01:03]} Kf6 {[%clk 00:55:53]} {[%emt 00:01:39]} 27. fxg6 {[%clk
00:04:26]} {[%emt 00:00:50]} fxg6 {[%clk 00:56:01]} {[%emt 00:00:23]} 28. Rhf1+
{[%clk 00:04:12]} {[%emt 00:00:44]} Kg7 {[%clk 00:55:09]} {[%emt 00:01:22]} 29.
Rce1 {[%clk 00:04:29]} {[%emt 00:00:12]} e5 {[%clk 00:53:39]} {[%emt 00:02:00]}
30. Rxe5 {[%clk 00:02:14]} {[%emt 00:02:45]} Re8 {[%clk 00:53:27]} {[%emt
00:00:43]} 31. Rc1 {[%clk 00:02:29]} {[%emt 00:00:14]} Kf6 {[%clk 00:52:00]}
{[%emt 00:01:56]} 32. Rc7 {[%clk 00:02:29]} {[%emt 00:00:30]} 1-0